| 000 | 01065 a2200217 4500 | ||
|---|---|---|---|
| 010 | _aENG-89628 B-425574 | ||
| 020 |
_a0195690249 _c650.00 |
||
| 035 | _aEN-73161 B-425574 | ||
| 037 | _bDBAD / PUB | ||
| 037 | _bRBC/VEN | ||
| 082 | 1 | 4 | _a880.99171241 |
| 245 | 1 |
_aThe nation across the world: _cedited by Harish Trivedi...[et al] _bpostcolonial literary representations/ |
|
| 260 |
_aNew Delhi _bOxford University Press _c2007 |
||
| 270 |
_aYMCA Library Building, Jai Singh Road, _bNew Delhi _e110 001 |
||
| 300 |
_axxxii, 312p. _c23cm (Hb.) |
||
| 500 | _aIncludes index | ||
| 942 |
_adpl _cEN _k880.99171241 / NAT _2ddc |
||
| 999 |
_c11032 _d11032 |
||